I Will Survive - Gloria Gaynor - All Lyrics - Statistics

General Stats
  • This quiz has been taken 1,164 times
  • The average score is 507 of 638
Answer Stats
Answer % Correct
I
100%
I,
100%
my
96%
you
96%
survive
95%
survive,
95%
will
95%
Oh
94%
Oh,
94%
oh
94%
was
94%
And
93%
and
93%
no,
93%
by
92%
hey
92%
then
92%
to
92%
yeah,
92%
afraid,
91%
first
91%
live
91%
live,
91%
me
91%
me,
91%
out
91%
side
91%
so
91%
the
91%
with
91%
how
90%
think
90%
your
90%
petrified
89%
At
88%
Go
88%
go,
88%
without
88%
But
87%
but
87%
could
87%
not
87%
on
87%
you're
87%
did
85%
Did
85%
now,
85%
now
85%
Now
85%
thinkin'
85%
in
84%
wrong
84%
back,
83%
back
83%
know
83%
love,
83%
love
83%
that
83%
door
82%
many
82%
never
82%
be
81%
from
81%
just
81%
Just
81%
who
81%
anymore
80%
nights
80%
walk
80%
I'll
79%
strong
79%
welcome
79%
all
78%
get
78%
I'd
78%
space
78%
spent
78%
have
77%
up
77%
die?
76%
down
76%
face
76%
give
76%
along
75%
around
75%
as
75%
'cause
75%
look
75%
one
75%
for
74%
got
74%
learned
74%
life
74%
turn
74%
crumble?
73%
I’ve
73%
I've
73%
lay
73%
long
73%
grew
72%
should
72%
outer
71%
alive
70%
stupid
69%
upon
69%
I’m
67%
I'm
67%
key
67%
leave
66%
made
66%
changed
65%
stay
65%
lock
64%
tried
64%
If
63%
Kept
63%
second
62%
you'd
62%
goodbye?
61%
here
61%
see
60%
bother
59%
hurt
59%
Weren’t
59%
cry,
58%
sad
58%
find
56%
still
56%
known
55%
of
55%
walked
54%
had
52%
new
51%
head
50%
little
50%
myself
50%
It
49%
somebody
49%
sorry
49%
feeling
48%
heart
48%
used
48%
fall
47%
high
47%
hold
47%
someone
46%
who's
46%
broken
45%
free
45%
lovin'
45%
apart
44%
took
42%
pieces
41%
saving
41%
expect
40%
break
39%
person
39%
strength
38%
much
34%
mend
31%
like
30%
tryin'
30%
chained
28%
hard
28%
felt
27%
yes,
26%
Well,
19%
droppin'
18%
No matching quizzes found
Score Distribution
Percent of People with Each Score
Percentile by Number Answered
Your Score History
You have not taken this quiz